000 00689nam a2200217Ii 4500
003 JO-AjNU
008 230606s9999||||xx |||||||||||||| ||und||
020 _a978-0-07-022116-1 / 0-07-022116-2
040 _aJO-AjNU
_beng
_erda
_cJO-AjNU
041 _aeng
050 1 4 _aHG3881 2009
100 3 _aApte,Prakash G,
_eauthor
_91376
245 0 0 _aInternational Financial Management
250 _a1 ed
264 3 1 _aNew Delhe : Tata Mc Graw Hill Publishing company Limited,2009
300 _a696p
_bIncludes appendix indexes(p674-696)
336 _atext
_btxt
_2rdacontent
337 _aunmediated
_bn
_2rdamedia
338 _avolume
_bnc
_2rdacarrier
650 4 _aInternational finance
_91377
999 _aE726
_c726
_d726